[Event "Campeonato Brasileiro Amador 2016 U2000"]
[Site "Esporte Clube Pinheiros"]
[Date "2016.05.29"]
[Round "7.28"]
[White "Gomes, Carlos Henrique Cald"]
[Black "Teshima, Ricardo Yoshida"]
[Result "1-0"]
[WhiteElo "1835"]
[BlackElo "1813"]
[PlyCount "71"]
[EventDate "2016.05.26"]

1. d4 e6 2. c4 Nf6 3. Nc3 Bb4 4. e3 b6 5. Nge2 Bb7 6. a3 Bxc3+ 7. Nxc3 d6 8. b4
Nbd7 9. Bb2 O-O 10. Qc2 Qe7 11. f3 c5 12. Bd3 cxd4 13. exd4 h6 14. O-O Rac8 15.
Rfe1 Nh5 16. Qf2 Nf4 17. Bf1 Ba6 18. b5 Bb7 19. a4 d5 20. Nxd5 Nxd5 21. cxd5
Bxd5 22. Ba3 Qg5 23. Bxf8 Nxf8 24. Qe3 Qe7 25. Rec1 Rxc1 26. Rxc1 Ng6 27. Bd3
f5 28. Bc4 f4 29. Qe2 Qa3 30. Qc2 Qe3+ 31. Kh1 Nh4 32. Bxd5 exd5 33. Qd1 Nf5
34. Qe1 Qxd4 35. Qe6+ Kh8 36. Qxf5 1-0

[Event "Campeonato Brasileiro Amador 2016 U2000"]
[Site "Esporte Clube Pinheiros"]
[Date "2016.05.29"]
[Round "7.30"]
[White "Sato, Luiz Henrique Yuzo T"]
[Black "Weise, William Ferreira"]
[Result "0-1"]
[WhiteElo "1407"]
[BlackElo "1860"]
[PlyCount "134"]
[EventDate "2016.05.26"]

1. d4 e6 2. Nf3 Nf6 3. Bf4 d5 4. e3 c5 5. c3 Nc6 6. Nbd2 Be7 7. Bd3 Bd7 8. O-O
Nh5 9. Be5 Qb6 10. Qb3 c4 11. Qxb6 axb6 12. Bc2 O-O 13. e4 Ra6 14. b3 f6 15.
exd5 exd5 16. Bg3 Nxg3 17. hxg3 Rfa8 18. bxc4 Be6 19. Rfe1 Kf7 20. Bb3 dxc4 21.
Nxc4 Nd8 22. Re2 b5 23. Ncd2 Bxb3 24. Nxb3 Rc8 25. Rc1 Rac6 26. Rec2 Ba3 27. d5
R6c7 28. d6 Rd7 29. Rd1 Ne6 30. Rdd2 Rxd6 31. Rxd6 Bxd6 32. Nbd4 Nxd4 33. Nxd4
Rc5 34. Rd2 Be5 35. Rd3 Rd5 36. f4 Bxd4+ 37. cxd4 b4 38. Kf2 Ra5 39. Rd2 Ke6
40. Kf3 Kd5 41. Kg4 Ra6 42. Kf3 Rc6 43. Rd3 Rc3 44. Rxc3 bxc3 45. Ke3 f5 46.
Kd3 c2 47. Kxc2 Kxd4 48. Kb3 Ke3 49. Kb4 Kf2 50. Kb5 Kxg2 51. Kb6 Kxg3 52. Kxb7
h5 53. a4 h4 54. a5 h3 55. a6 h2 56. a7 h1=Q+ 57. Kb8 Kxf4 58. a8=Q Qxa8+ 59.
Kxa8 g5 60. Kb7 g4 61. Kc6 g3 62. Kd5 g2 63. Kd4 g1=Q+ 64. Kd3 Qc5 65. Ke2 Qc2+
66. Kf1 Kf3 67. Kg1 Qg2# 0-1

[Event "Campeonato Brasileiro Amador 2016 U2000"]
[Site "Esporte Clube Pinheiros"]
[Date "2016.05.29"]
[Round "7.31"]
[White "Zeituni, Carlos Alberto"]
[Black "Sato, Claudio Takeshi"]
[Result "1-0"]
[WhiteElo "1829"]
[BlackElo "1464"]
[PlyCount "63"]
[EventDate "2016.05.26"]

1. e4 e6 2. d4 d5 3. e5 c5 4. Bb5+ Nc6 5. Nf3 Bd7 6. O-O cxd4 7. Bxc6 Bxc6 8.
Nxd4 Ne7 9. Nc3 Ng6 10. Nxc6 bxc6 11. f4 Bb4 12. Bd2 O-O 13. Qg4 d4 14. Ne4
Bxd2 15. Nxd2 Qb6 16. Nc4 Qc5 17. b3 Rad8 18. Kh1 Qd5 19. Nd6 Ne7 20. Rad1 f6
21. c4 Qa5 22. Qxe6+ Kh8 23. Qxe7 Rb8 24. Nf5 Rg8 25. exf6 Qxf5 26. f7 Rgf8 27.
Qxa7 Rbd8 28. Rxd4 Ra8 29. Qc5 Qxf7 30. Qxc6 Rxa2 31. Rfd1 Raa8 32. Qxa8 1-0